000 00780nam a2200181Ia 4500
008 151202s9999||||xx |||||||||||||| ||und||
082 _bPNVM-121581
100 _aज्ञानेश्‍वर महाराज.
245 _aअमृतानुभव - चांगदेव चरित्रासह.
260 _bयादव रामचंद्र तुकाराम.
260 _c1970
300 _a264
600 _aज्ञानेश्‍वर महाराज.
630 _aअमृतानुभव - चांगदेव चरित्रासह.
700 _aज्ञानेश्‍वर महाराज.
730 _aअमृतानुभव - चांगदेव चरित्रासह.
942 _cBOOK
999 _c1351710
_d1351707